Forum du Développement

Saved in:
Bibliographic Details
Format: Serial
Language:French
Published: Genéve Nations Unies 1981
Tags: Add Tag
No Tags, Be the first to tag this record!

MARC

LEADER 00000nas2a2200000 4500
001 s123044
005 20250730114213.5
041 0 |a fre 
044 |a CH 
245 1 0 |a Forum du Développement 
264 1 |a Genéve  |b Nations Unies  |c 1981 
300 |a 1 zv. 
773 0 |w eu_un_cat*s120713